| АИС "Историко-культурное наследие Беларуси" | ||
| Базовый | Расширенный | Профессиональный | Словарь персоналий | Тематический словарь | По видам объектов | История запросов Заказы | Регистрация | |
Запись в MARC-формате
| копировать MARC-запись |
=LDR 00000nx\\c22002293\\45\\
=001 BY-NLB-ar7213267
=005 20160330095641.1
=100 \\$a20140310arusy50\\\\\\ca0
=152 \\$apsbo
=160 \\$ae-bw
=215 \\$aКостел Наисвятейшей Троицы (Данюшево, деревня; Сморгонский район)
=300 1\$aПостроен в 1809 г. из дерева на месте храма 1621 г. Памятник архитектуры класицизма с чертами стиля ретроготики. Перед храмом в 1915 г. поставлен памятник в честь событий 1-й мировой войны.
=356 \\$aНаходится в центре деревни на правом берегу р. Вилия.
=415 \\$aКостел Пресвятой Троицы (Данюшево, деревня; Сморгонский район)
=415 \\$aТроицкий костел (Данюшево, деревня; Сморгонский район)
=415 \\$aКостел Святой Троицы (Данюшево, деревня; Сморгонский район)
=515 \\$5w$3BY-NLB-ar7213287$aКасцёл Найсвяцейшай Тройцы (Данюшава, вёска; Смаргонскі раён)
=801 \0$aBY$bBY-HM0000$c20140310
=810 \\$aКаталіцкія храмы Беларусі / А. М. Кулагін. — Мінск, 2008.
=810 \\$aКаталіцкія храмы на Беларусі : энцыклапедычны даведнік / А. М. Кулагін. — Мінск, 2000.
=856 4\$uhttp://smorgon.grodno-region.by/ru/region/istor_kult_nasl/pamiatn?id=7552$zОфициальный сайт Сморгонского районного исполнительного комитета.
=999 \\$f1848 NLB-NDARD$t20140310
Чтобы вернуться назад, щелкните кнопку BACK на Вашем браузере